01383ngm a2200361 4500003000400000005001700004007000400021008004000025010001900065024001800084035001900102040001300121082001500134245006300149246000600212250002000218260003900238300006300277440004000340500007700380500007500457500012300532538008500655538012200740650001900862700002700881700001900908700002000927700002100947700001800968700001900986700001601005dpl20080723110517.0DVD||||||sp199 xxu|||||c|||| 00| 0 eng d aDVD-000440-442 a01515c499.00 aDVD-000440-442 aDPLcDPL aDVD / PRED aPredatorc20th Century Fox Presentsh[videorecording] DVD/ a. aSpecial Edition b20th Century Fox Homeentertainment a1 videodisc DVD; (107 min.) :bsd., col. ;c4 3/4 in.fDVD a20th Centyry Fox Home Entertainment aSole Distributor in India M/s. Excel Productions Autio Visuals Pvt. Ltd. aA Creature from Another World and this time Schwarzenegger is the Prey aSpecial Features- Original Theatrical Trailer, Anamorphic Wide Screne, Interactive Menus, Multiple Languagae Subtitles aDolby Digital 5.1-English Subntitles: English, Cantonese, Thai, Korean, Mandarin aAspect Ratio: 1.85:1, Presentation type: Wide Screne, Presentation Size 16x9, Format DVD 9 Dual L Single Sided Disc. aMotion Picture aSchwarzenegger, Arnold aWeathers, Carl aSilvestri, Alan aMcAlpine, Donald aVallone, John aWinstone, Stan aThomas, Jim